[Event "SVK-chT2B 2324"]
[Site "Slovakia"]
[Date "2023.11.11"]
[Round "3.8"]
[White "Sopko, Rudolf"]
[Black "Bona, Juraj"]
[Result "1/2-1/2"]
[WhiteElo "1637"]
[BlackElo "1810"]
[PlyCount "22"]
[EventDate "2023.10.07"]
[EventType "team-tourn"]
[EventRounds "11"]
[EventCountry "SVK"]
[SourceTitle "EXT 2025"]
[Source "ChessBase"]
[SourceDate "2024.10.14"]
[SourceVersion "1"]
[SourceVersionDate "2024.10.14"]
[SourceQuality "1"]
[WhiteTeam "Trencin"]
[BlackTeam "Batorove Kosihy"]
[WhiteTeamCountry "SVK"]
[BlackTeamCountry "SVK"]

1. e4 d5 2. exd5 Qxd5 3. Nc3 Qa5 4. d4 c6 5. Bd2 Qc7 6. Nf3 g6 7. Bc4 Bg7 8. Ng5 e6 9. Qf3 Nf6 10. Nce4 Nbd7 11. Bf4 Qa5+ 1/2-1/2

[Event "SVK-chT2B 2223"]
[Site "Slovakia"]
[Date "2023.02.12"]
[Round "9.6"]
[White "Kuna, Patrik"]
[Black "Bona, Juraj"]
[Result "1-0"]
[WhiteElo "1801"]
[BlackElo "1847"]
[PlyCount "27"]
[EventDate "2022.10.08"]
[EventType "team-tourn"]
[EventRounds "11"]
[EventCountry "SVK"]
[SourceTitle "EXT 2024"]
[Source "ChessBase"]
[SourceDate "2023.10.10"]
[SourceVersion "1"]
[SourceVersionDate "2023.10.10"]
[SourceQuality "1"]
[WhiteTeam "Tlmace"]
[BlackTeam "Batorove Kosihy"]
[WhiteTeamCountry "SVK"]
[BlackTeamCountry "SVK"]

1. e4 a6 2. d4 b5 3. Bd3 Bb7 4. Nf3 e6 5. 0-0 h6 6. Nbd2 Nf6 7. c3 Be7 8. Re1 0-0 9. Nf1 c5 10. Ng3 d5 11. e5 Nh7 12. Bc2 f5 13. exf6 Rxf6 14. Nh5 1-0

[Event "SVK-chT1W 1920"]
[Site "Slovakia"]
[Date "2020.06.21"]
[Round "11.7"]
[White "Bona, Juraj"]
[Black "Macka, Oto"]
[Result "0-1"]
[WhiteElo "1902"]
[BlackElo "2061"]
[PlyCount "60"]
[EventDate "2019.10.12"]
[EventType "team-tourn"]
[EventRounds "11"]
[EventCountry "SVK"]
[SourceTitle "EXT 2022"]
[Source "ChessBase"]
[SourceDate "2021.10.06"]
[SourceVersion "1"]
[SourceVersionDate "2021.10.06"]
[SourceQuality "1"]
[WhiteTeam "Batorove Kosihy"]
[BlackTeam "Bratislava Doprastav"]
[WhiteTeamCountry "SVK"]
[BlackTeamCountry "SVK"]

1. e4 c5 2. c3 Nf6 3. e5 Nd5 4. d4 cxd4 5. cxd4 d6 6. f4 Nc6 7. Bc4 Nb6 8. Bb5 e6 9. Nf3 Be7 10. 0-0 0-0 11. Nc3 Bd7 12. Bd3 g6 13. Ne4 dxe5 14. fxe5 Nb4 15. Bb1 Bb5 16. Rf2 Qc7 17. Bh6 Rfd8 18. Nf6+ Bxf6 19. exf6 e5 20. Qd2 Nc6 21. Bc2 Nxd4 22. Nxd4 Rxd4 23. Qg5 Qd6 24. h4 Bd3 25. Bxd3 Rxd3 26. Bg7 Rd1+ 27. Rxd1 Qxd1+ 28. Kh2 Nc4 29. b3 Qd4 30. Rf5 Ne3 0-1

[Event "SVK-chT1W 1819"]
[Site "Slovakia"]
[Date "2018.10.28"]
[Round "2.4"]
[White "Bona, Juraj"]
[Black "Dlhy, Jozef"]
[Result "0-1"]
[WhiteElo "1932"]
[BlackElo "2086"]
[PlyCount "74"]
[EventDate "2018.10.27"]
[EventType "team-tourn"]
[EventRounds "11"]
[EventCountry "SVK"]
[SourceTitle "CBM 187 Extra"]
[Source "ChessBase"]
[SourceDate "2018.11.04"]
[SourceVersion "1"]
[SourceVersionDate "2018.11.04"]
[SourceQuality "1"]
[WhiteTeam "Batorove Kosihy"]
[BlackTeam "Nitra NSK"]
[WhiteTeamCountry "SVK"]
[BlackTeamCountry "SVK"]

1. e4 c6 2. d4 d5 3. f3 dxe4 4. fxe4 e5 5. Nf3 Be6 6. c3 Nf6 7. Bd3 Nbd7 8. 0-0 Qb6 9. Kh1 Be7 10. Nbd2 0-0 11. Qe1 Qc7 12. Nc4 Bxc4 13. Bxc4 c5 14. d5 Ne8 15. Bg5 Bxg5 16. Nxg5 Nd6 17. Bd3 h6 18. Nf3 Rae8 19. Nh4 g6 20. c4 Qd8 21. Nf3 Kg7 22. Qe3 f5 23. Rae1 f4 24. Qf2 g5 25. g3 b6 26. gxf4 Rxf4 27. Qg3 Kh8 28. Qh3 Kg7 29. Rg1 Nf8 30. Rg4 Rxg4 31. Qxg4 Re7 32. h4 Qd7 33. Qg3 Nf7 34. hxg5 Nxg5 35. Nxg5 hxg5 36. Qxg5+ Ng6 37. Rg1 Qh3# 0-1

[Event "SVK-chT2B 1718"]
[Site "Slovakia"]
[Date "2017.10.29"]
[Round "2.5"]
[White "Lancz, Ondrej"]
[Black "Bona, Juraj"]
[Result "1/2-1/2"]
[WhiteElo "2064"]
[BlackElo "1921"]
[PlyCount "48"]
[EventDate "2017.10.28"]
[EventType "team-tourn"]
[EventRounds "11"]
[EventCountry "SVK"]
[SourceTitle "CBM 181 Extra"]
[Source "ChessBase"]
[SourceDate "2017.12.12"]
[SourceVersion "1"]
[SourceVersionDate "2017.12.12"]
[SourceQuality "1"]
[WhiteTeam "Sala Slovan Duslo"]
[BlackTeam "Batorove Kosihy"]
[WhiteTeamCountry "SVK"]
[BlackTeamCountry "SVK"]

1. d4 f5 2. Nf3 Nf6 3. e3 e6 4. Bd3 b6 5. Nbd2 Bb7 6. Qe2 Be7 7. e4 fxe4 8. Nxe4 0-0 9. h4 c5 10. Bg5 Nc6 11. Bxf6 Bxf6 12. Nfg5 g6 13. Qg4 Bxd4 14. 0-0-0 Ne5 15. Qg3 Nxd3+ 16. Rxd3 Bxe4 17. Nxe4 d5 18. Ng5 Qf6 19. Qh3 Bxb2+ 20. Kb1 Rae8 21. Rf3 Qe5 22. Re3 Qf6 23. Rf3 Qe5 24. Re3 Qf6 1/2-1/2

[Event "SVK-chT2B 1617"]
[Site "Slovakia"]
[Date "2017.03.11"]
[Round "10.4"]
[White "Bona, Juraj"]
[Black "Psota, Roman"]
[Result "1-0"]
[WhiteElo "1853"]
[BlackElo "2036"]
[PlyCount "73"]
[EventDate "2016.10.08"]
[EventType "team-tourn"]
[EventRounds "11"]
[EventCountry "SVK"]
[SourceTitle "EXT 2018"]
[Source "ChessBase"]
[SourceDate "2017.10.13"]
[SourceVersion "1"]
[SourceVersionDate "2017.10.13"]
[SourceQuality "1"]
[WhiteTeam "Batorove Kosihy"]
[BlackTeam "Trencin"]
[WhiteTeamCountry "SVK"]
[BlackTeamCountry "SVK"]

1. e4 c5 2. c3 d6 3. d4 cxd4 4. cxd4 Nf6 5. Nc3 a6 6. Nf3 g6 7. h3 Bg7 8. Be3 0-0 9. Bc4 b5 10. Bd5 Nxd5 11. Nxd5 Bb7 12. Rc1 Bxd5 13. exd5 Qa5+ 14. Qd2 Qxa2 15. Rc7 Bf6 16. 0-0 Qxd5 17. Rfc1 a5 18. Rc8 Nd7 19. R8c6 Rfb8 20. Qc3 Nb6 21. b3 Rc8 22. Rxc8+ Nxc8 23. Qc7 Kg7 24. Rc6 a4 25. Qb7 Nb6 26. bxa4 Rb8 27. Qxb8 Qxc6 28. axb5 Qxb5 29. d5 Qxd5 30. Qxb6 e5 31. Qc7 Qd1+ 32. Kh2 e4 33. Nd2 Be5+ 34. g3 Qe2 35. Nxe4 Qb2 36. Nxd6 h5 37. Qxf7+ 1-0

[Event "SVK-chT2B 1617"]
[Site "Slovakia"]
[Date "2016.10.08"]
[Round "1.4"]
[White "Bielik, Peter"]
[Black "Bona, Juraj"]
[Result "0-1"]
[WhiteElo "1840"]
[BlackElo "1853"]
[PlyCount "106"]
[EventDate "2016.10.08"]
[EventType "team-tourn"]
[EventRounds "11"]
[EventCountry "SVK"]
[SourceTitle "CBM 175 Extra"]
[Source "ChessBase"]
[SourceDate "2016.12.12"]
[SourceVersion "1"]
[SourceVersionDate "2016.12.12"]
[SourceQuality "1"]
[WhiteTeam "Povazske Podhradie"]
[BlackTeam "Batorove Kosihy"]
[WhiteTeamCountry "SVK"]
[BlackTeamCountry "SVK"]

1. d4 f5 2. g3 Nf6 3. Bg2 e6 4. Nf3 Be7 5. 0-0 0-0 6. c4 d5 7. cxd5 exd5 8. Bf4 c6 9. Nc3 Nbd7 10. Qc2 Ne4 11. Ne5 Nxe5 12. Bxe5 Bf6 13. f3 Bxe5 14. Nxe4 Bxd4+ 15. Nf2 Qb6 16. Bh3 Qxb2 17. Qxb2 Bxb2 18. Rad1 b6 19. Rd2 Ba3 20. Nd3 Bb7 21. Ne5 Rad8 22. Rfd1 Be7 23. f4 g6 24. Bg2 Bf6 25. Nd3 Rfe8 26. Bf3 Re7 27. Kg2 a5 28. Rb1 b5 29. Nc5 Ba8 30. e4 fxe4 31. Bxe4 Rxe4 32. Nxe4 dxe4 33. Rxd8+ Bxd8 34. Rd1 Be7 35. Rd7 Kf7 36. Ra7 Ke6 37. Rxa8 a4 38. g4 a3 39. Ra6 Kd5 40. Kf2 b4 41. Ke2 c5 42. f5 gxf5 43. gxf5 c4 44. Kd2 b3 45. axb3 cxb3 46. Kc3 b2 47. Kc2 Bd6 48. f6 e3 49. f7 Be7 50. Ra8 e2 51. f8Q Bxf8 52. Re8 Bg7 53. Kb1 Be5 0-1

[Event "SVK-chT2B 1516"]
[Site "Slovakia"]
[Date "2016.03.13"]
[Round "11.5"]
[White "Bona, Juraj"]
[Black "Svonavec, Stefan"]
[Result "0-1"]
[WhiteElo "1874"]
[BlackElo "2021"]
[PlyCount "90"]
[EventDate "2015.10.17"]
[EventType "team-tourn"]
[EventRounds "11"]
[EventCountry "SVK"]
[SourceTitle "EXT 2019"]
[Source "ChessBase"]
[SourceDate "2018.10.10"]
[SourceVersion "1"]
[SourceVersionDate "2018.10.10"]
[SourceQuality "1"]
[WhiteTeam "Batorove Kosihy"]
[BlackTeam "Levice"]
[WhiteTeamCountry "SVK"]
[BlackTeamCountry "SVK"]

1. e4 c5 2. Nf3 d6 3. d4 cxd4 4. Nxd4 Nf6 5. Nc3 a6 6. Be2 Nc6 7. a4 g6 8. 0-0 Bg7 9. Be3 0-0 10. f4 Qc7 11. Nb3 Na5 12. Nd2 Be6 13. f5 Bc4 14. Bd3 d5 15. Qf3 dxe4 16. Ndxe4 Nxe4 17. Nxe4 Bxd3 18. cxd3 Nb3 19. f6 exf6 20. Nxf6+ Kh8 21. Rae1 Qd6 22. Qxb7 Qxd3 23. Nd7 Na5 24. Qc7 Rfc8 25. Qxa5 Qxd7 26. b4 Re8 27. Rd1 Qg4 28. Qd5 Rac8 29. Rxf7 Rxe3 30. Qd8+ Re8 31. Qd7 Qxd7 32. Rdxd7 Rg8 33. b5 axb5 34. axb5 Rb8 35. Rb7 Bd4+ 36. Kf1 Rxb7 37. Rxb7 Rf8+ 38. Ke2 Rf6 39. Kd3 Bg1 40. h3 h5 41. Kc4 Rf2 42. b6 Rxg2 43. Rb8+ Kg7 44. Kb5 Rb2+ 45. Kc6 Rxb6+ 0-1

[Event "SVK-chT2B 1516"]
[Site "Slovakia"]
[Date "2016.02.14"]
[Round "9.3"]
[White "Bona, Juraj"]
[Black "Halak, Matej"]
[Result "1/2-1/2"]
[WhiteElo "1893"]
[BlackElo "1930"]
[PlyCount "20"]
[EventDate "2015.10.17"]
[EventType "team-tourn"]
[EventRounds "11"]
[EventCountry "SVK"]
[SourceTitle "EXT 2019"]
[Source "ChessBase"]
[SourceDate "2018.10.10"]
[SourceVersion "1"]
[SourceVersionDate "2018.10.10"]
[SourceQuality "1"]
[WhiteTeam "Batorove Kosihy"]
[BlackTeam "Trencin PK"]
[WhiteTeamCountry "SVK"]
[BlackTeamCountry "SVK"]

1. e4 e5 2. f4 d6 3. Nf3 Nc6 4. Be2 Nf6 5. Nc3 Be7 6. 0-0 exf4 7. d4 Bg4 8. Bxf4 0-0 9. Be3 a6 10. a3 Qd7 1/2-1/2

[Event "SVK-chT2B 1415"]
[Site "Slovakia"]
[Date "2015.03.07"]
[Round "10.8"]
[White "Michalek, Matej"]
[Black "Bona, Juraj"]
[Result "1/2-1/2"]
[WhiteElo "1937"]
[BlackElo "1000"]
[PlyCount "69"]
[EventDate "2014.10.11"]
[EventType "team-tourn"]
[EventRounds "11"]
[EventCountry "SVK"]
[SourceTitle "EXT 2019"]
[Source "ChessBase"]
[SourceDate "2018.10.10"]
[SourceVersion "1"]
[SourceVersionDate "2018.10.10"]
[SourceQuality "1"]
[WhiteTeam "Povazska Bystrica SKS II"]
[BlackTeam "Batorove Kosihy"]
[WhiteTeamCountry "SVK"]
[BlackTeamCountry "SVK"]

1. e4 c5 2. Nc3 Nc6 3. f4 d6 4. Nf3 Bg4 5. Be2 g6 6. 0-0 Bg7 7. h3 Bd7 8. Bc4 h6 9. f5 e6 10. Qe1 g5 11. fxe6 fxe6 12. Qg3 Ne5 13. Be2 Nf7 14. h4 Qe7 15. Nb5 Bc6 16. d4 a6 17. d5 Bxb5 18. Bxb5+ axb5 19. c3 0-0-0 20. a4 Nf6 21. hxg5 Nxe4 22. Qg4 Nfxg5 23. Nxg5 Nxg5 24. Bxg5 hxg5 25. axb5 Rh4 26. Qe2 Be5 27. b6 c4 28. Qc2 Bh2+ 29. Kh1 Bg3+ 30. Kg1 Kb8 31. Ra8+ Kxa8 32. Qa4+ Kb8 33. Qa7+ Kc8 34. Qa8+ Kd7 35. Qa4+ 1/2-1/2

[Event "SVK-ch U16"]
[Site "Slovakia"]
[Date "2001.02.19"]
[Round "4"]
[White "Kendi, Stefan"]
[Black "Bona, Juraj"]
[Result "1/2-1/2"]
[WhiteElo "1588"]
[BlackElo "1808"]
[PlyCount "59"]
[EventDate "2001.02.17"]
[EventType "swiss"]
[EventRounds "9"]
[EventCountry "SVK"]
[SourceTitle "EXT 2009"]
[Source "ChessBase"]
[SourceDate "2008.11.26"]
[SourceVersion "1"]
[SourceVersionDate "2008.11.26"]
[SourceQuality "1"]

1. e4 e5 2. Nf3 Nc6 3. Bb5 d6 4. c3 f5 5. d3 Nf6 6. Bg5 Be7 7. Bxf6 Bxf6 8. Nbd2 0-0 9. Ba4 Kh8 10. Ng1 d5 11. exd5 Qxd5 12. Qf3 Qa5 13. Qd1 Qd5 14. Qf3 e4 15. Bxc6 Qxc6 16. dxe4 fxe4 17. Qg3 Qb6 18. Rb1 Bf5 19. Qe3 Qxe3+ 20. fxe3 Bg5 21. Nf1 Rad8 22. Ne2 Rd3 23. Nf4 Bxf4 24. exf4 Bg6 25. g3 Rfd8 26. Rg1 Bh5 27. g4 Bf7 28. Rg3 Bc4 29. b3 Bb5 30. c4 1/2-1/2